[Event "GER GM05-A email"]
[Site "GER email"]
[Date "2016.06.26"]
[Round "?"]
[White "Brodda, Wolfgang"]
[Black "Roubaud, David"]
[Result "1/2-1/2"]
[WhiteElo "2591"]
[BlackElo "2555"]
[PlyCount "26"]
[EventDate "2016.??.??"]
[EventType "tourn (corr)"]
[EventRounds "13"]
[EventCountry "GER"]
[SourceTitle "Corr 2017"]
[Source "ChessBase"]
[SourceDate "2017.09.19"]
[SourceVersion "1"]
[SourceVersionDate "2017.09.19"]
[SourceQuality "1"]

1. e4 e5 2. Nf3 Nf6 3. d4 Nxe4 4. Bd3 d5 5. dxe5 Nc5 6. Be2 Be7 7. 0-0 0-0 8. Be3 c6 9. c4 dxc4 10. Bxc4 Nbd7 11. Nbd2 Nb6 12. Nd4 Nd5 13. Qf3 Nd7 1/2-1/2

[Event "GER GM05-A email"]
[Site "GER email"]
[Date "2016.06.26"]
[Round "?"]
[White "Iotov, Valentin Dimitrov"]
[Black "Roubaud, David"]
[Result "1/2-1/2"]
[WhiteElo "2567"]
[BlackElo "2555"]
[PlyCount "34"]
[EventDate "2016.??.??"]
[EventType "tourn (corr)"]
[EventRounds "13"]
[EventCountry "GER"]
[SourceTitle "Corr 2017"]
[Source "ChessBase"]
[SourceDate "2017.09.19"]
[SourceVersion "1"]
[SourceVersionDate "2017.09.19"]
[SourceQuality "1"]

1. e4 e5 2. Nf3 Nf6 3. Nxe5 d6 4. Nf3 Nxe4 5. d4 d5 6. Bd3 Nc6 7. 0-0 Be7 8. c4 Nb4 9. Be2 0-0 10. Nc3 Bf5 11. a3 Nxc3 12. bxc3 Nc6 13. Re1 Re8 14. Bf4 dxc4 15. Bxc4 Bd6 16. Rxe8+ Qxe8 17. Ng5 Bg6 1/2-1/2

[Event "GER GM05-A email"]
[Site "GER email"]
[Date "2016.06.26"]
[Round "?"]
[White "Roubaud, David"]
[Black "Moll, Reinhard"]
[Result "1/2-1/2"]
[WhiteElo "2555"]
[BlackElo "2604"]
[PlyCount "21"]
[EventDate "2016.??.??"]
[EventType "tourn (corr)"]
[EventRounds "13"]
[EventCountry "GER"]
[SourceTitle "Corr 2017"]
[Source "ChessBase"]
[SourceDate "2017.09.19"]
[SourceVersion "1"]
[SourceVersionDate "2017.09.19"]
[SourceQuality "1"]

1. d4 d5 2. c4 dxc4 3. e4 e5 4. Nf3 exd4 5. Bxc4 Nc6 6. 0-0 Be6 7. Bb5 Bc5 8. b4 Bb6 9. a4 a6 10. Bxc6+ bxc6 11. Bb2 1/2-1/2

[Event "GER GM05-A email"]
[Site "GER email"]
[Date "2016.06.26"]
[Round "?"]
[White "Roubaud, David"]
[Black "Tauber, Hans"]
[Result "1/2-1/2"]
[WhiteElo "2555"]
[BlackElo "2528"]
[PlyCount "87"]
[EventDate "2016.??.??"]
[EventType "tourn (corr)"]
[EventRounds "13"]
[EventCountry "GER"]
[SourceTitle "Corr 2020"]
[Source "ChessBase"]
[SourceDate "2019.09.30"]
[SourceVersion "1"]
[SourceVersionDate "2019.09.30"]
[SourceQuality "1"]

1. e4 e6 2. d4 d5 3. Nc3 Bb4 4. e5 c5 5. a3 Bxc3+ 6. bxc3 Ne7 7. Qg4 cxd4 8. Qxg7 Rg8 9. Qxh7 Qc7 10. Ne2 dxc3 11. f4 Nbc6 12. h4 d4 13. h5 Bd7 14. Qd3 0-0-0 15. h6 Rg6 16. h7 Rh8 17. Nxd4 Nxd4 18. Qxd4 Bc6 19. Bd3 Rxg2 20. Qxa7 b5 21. Qd4 Rg7 22. Rh2 Nf5 23. Bxf5 exf5 24. Be3 Rgxh7 25. Rxh7 Rxh7 26. 0-0-0 Be4 27. Rg1 Rh8 28. e6 Rd8 29. Qb6 fxe6 30. Qa6+ Kb8 31. Qxb5+ Bb7 32. Qb4 Rc8 33. Rg6 Qc4 34. Qxc4 Rxc4 35. Rxe6 Kc7 36. Re7+ Kc6 37. Kb1 Bc8 38. Ka2 Kd6 39. Kb3 Rxf4 40. Bxf4+ Kxe7 41. Kxc3 Kd7 42. Kd4 Kc6 43. c4 Be6 44. c5 1/2-1/2